000 00789nam a22002297a 4500
999 _c12706
_d12706
003 MIRAKIL
005 20190206175322.0
008 190206b tu ||||| |||| 00| 0 tur d
020 _a9786053326878
040 _aTR-AnCHP
_cTR-AnCHP
041 _atur
082 _a818.4103
_bN39o 2016
100 1 _aNeyzi, Nezih H.
245 1 0 _aOsmanlılıktan Cumhuriyet'e Kızıltoprak anıları /
_cNezih Halim Neyzi ; editör: Emre Yalçın
260 _aİstanbul :
_bTürkiye İş Bankası Kültür Yayınları,
_c2016.
300 _axviii, 445 s. :
_bfotğ., hrt. ;
_c20 sm.
490 0 _aTürkiye İş Bankası Kültür Yayınları ;
_vgenel yayın: 3491
504 _aDizin vardır.
650 0 _919
_aTürk edebiyatı
_xAnılar
700 1 _91247
_aYalçın, Emre
_eed.
942 _2ddc
_cBKS